00309nam a2200133Ia 450000500170000000800410001702000150005808200130007310000190008624500090010526000350011430000130014965000130016220250121020133.0240331s9999 xx 000 0 und d a9551723035 bHATa920 aHattotuwa, S.  0aSara aSri LankabBay Owl pressc2008 a144 p ., aArticles